000 00915nam a2200181Ia 4500
008 151202s9999||||xx |||||||||||||| ||und||
082 _bPNVM-70573
100 _a"काकडे सीमा, दीक्षित प्रांजळ."
245 _aनागरी ‘सुधारणा कशासाठी? नेमक्या कुणासाठी?.
260 _bप्रयास पुणे.
260 _c7057
300 _a84
600 _a"काकडे सीमा, दीक्षित प्रांजळ."
630 _aनागरी ‘सुधारणा कशासाठी? नेमक्या कुणासाठी?.
700 _a"काकडे सीमा, दीक्षित प्रांजळ."
730 _aनागरी ‘सुधारणा कशासाठी? नेमक्या कुणासाठी?.
942 _cBOOK
999 _c1337082
_d1337079